00488nam a22001697a 450000500170000001000150001702000260003203500130005803700130007108200110008410000150009524500550011026000450016527000470021030000210025750000400027820160802172935.0 aENG-115391 a9788173819773c535.00 aEN-98923 bDBAD/PUB a530.15 aKulia,S.P. aPrinciples of mathematic physics /cby Kuila,S.P. aNew DelhibNew Central Book Agencyc2016 a8/1,Chintamoni Das Lane bKolkatae700009 a928p.c24cm(pbk) aIncludes bibliographical reference